Patología estructural y funcional / (Record no. 14960)

MARC details
000 -LEADER
campo de control de longitud fija 00854nam a2200265 i 4500
001 - NÚMERO DE CONTROL
campo de control 14960
003 - IDENTIFICADOR DE NÚMERO DE CONTROL
campo de control ES-MaACL
005 - FECHA Y HORA DE LA ÚLTIMA TRANSACCIÓN
campo de control 20230906150940.0
007 - CAMPO FIJO DE DESCRIPCIÓN FÍSICA--INFORMACIÓN GENERAL
campo de control de longitud fija t|
008 - DATOS DE LONGITUD FIJA--INFORMACIÓN GENERAL
campo de control de longitud fija 991122r19961995sp ||||1| spa d
020 ## - NÚMERO INTERNACIONAL ESTÁNDAR DEL LIBRO
Número Internacional Estándar del Libro 84-486-0113-0
080 ## - NÚMERO DE LA CLASIFICACIÓN DECIMAL UNIVERSAL
Número de la Clasificación Decimal Universal 616(075.8)
100 1# - ENTRADA PRINCIPAL--NOMBRE DE PERSONA
Nombre de persona Cotran, Ramzi S.
9 (RLIN) 41179
245 10 - MENCIÓN DEL TÍTULO
Título Patología estructural y funcional /
Mención de responsabilidad, etc. Ramzi S. Cotran, Vinay Kumar, Stanley L. Robbins ; editor Frederick J. Schoen.
250 ## - MENCION DE EDICION
Mención de edición 5ª ed., 1ª reimp.
260 ## - PUBLICACIÓN, DISTRIBUCIÓN, ETC.
Lugar de publicación, distribución, etc. Madrid :
Nombre del editor, distribuidor, etc. McGraw-Hill, Interamericana de España,
Fecha de publicación, distribución, etc. 1995 (
Fecha de fabricación/manufactura 1996 imp.)
300 ## - DESCRIPCIÓN FÍSICA
Extensión XIV, 1533 p. :
Otras características físicas il. ;
Dimensiones 29 cm.
500 ## - NOTA GENERAL
Nota general Indice.
504 ## - NOTA DE BIBLIOGRAFÍA, ETC.
Nota de bibliografía, etc. Bibliografía.
650 04 - PUNTO DE ACCESO ADICIONAL DE MATERIA--TÉRMINO DE MATERIA
Término de materia o nombre geográfico como elemento de entrada Patología.
9 (RLIN) 15884
700 1# - ENTRADA AGREGADA--NOMBRE PERSONAL
Nombre de persona Kumar, Vinay.
9 (RLIN) 69017
700 1# - ENTRADA AGREGADA--NOMBRE PERSONAL
Nombre de persona Robbins, Stanley L.
9 (RLIN) 97790
700 1# - ENTRADA AGREGADA--NOMBRE PERSONAL
Nombre de persona Schoen, Frederick J.
9 (RLIN) 104604
852 ## - LOCALIZACIÓN
Ubicación ES-MaACL
Número de control de estantería L-22108
Sublocalización o colección R.127422
Holdings
Estatus retirado Estado de pérdida Estado de daño No para préstamo Biblioteca de origen Biblioteca actual Ubicación en estantería Fecha de adquisición Fuente de adquisición Total de préstamos Signatura topográfica completa Código de barras Visto por última vez Precio de reemplazo Tipo de ítem Koha
        Biblioteca del Ateneo de Madrid Biblioteca del Ateneo de Madrid Depósito 2 17/01/2008     L-22108 1015211 23/02/2023 23/02/2023 Libro impreso